Cities of Russia in Cyrillic Script - Statistics

General Stats
  • This quiz has been taken 511 times
  • The average score is 13 of 16
Answer Stats
Hint Answer % Correct
Москва Moscow
99%
Санкт-петербург St. Petersburg
94%
Уфа Ufa
92%
Екатеринбург Yekaterinburg
91%
Ростов на Дону Rostov on Don
90%
Владивосток Vladivostok
89%
Саратов Saratov
88%
Мурманск Murmansk
82%
Челябинск Chelyabinsk
77%
Иркутск Irkutsk
77%
Сочи Sochi
72%
Дербент Derbent
70%
Ярославль Yaroslavl
68%
Рязань Ryazan
61%
Хабаровск Khabarovsk
56%
Южно Сахалинск Yuzhno Sakhalinsk
45%
No matching quizzes found
Score Distribution
Percent of People with Each Score
Percentile by Number Answered
Your Score History
You have not taken this quiz